Kỹ thuật mạch điện tử /
Spremljeno u:
| Glavni autor: | |
|---|---|
| Format: | Sách giấy |
| Jezik: | Vietnamese |
| Izdano: |
H. :
Khoa học Kỹ thuật,
2002
|
| Izdanje: | In lần thứ 5 có sửa chữa và bổ sung |
| Teme: | |
| Oznake: |
Dodaj oznaku
Bez oznaka, Budi prvi tko označuje ovaj zapis!
|
| Thư viện lưu trữ: | Thư viện Trường Đại học Đà Lạt |
|---|
| LEADER | 00806nam a2200313 4500 | ||
|---|---|---|---|
| 001 | DLU040028962 | ||
| 005 | ##20040910 | ||
| 040 | # | # | |a DLU |b vie |
| 041 | # | # | |a vie |
| 044 | # | # | |a vn |
| 082 | # | # | |a 621.381 5 |b PH-H |
| 100 | # | # | |a Phạm Minh Hà |
| 245 | # | # | |a Kỹ thuật mạch điện tử / |c Phạm Minh Hà |
| 250 | # | # | |a In lần thứ 5 có sửa chữa và bổ sung |
| 260 | # | # | |a H. : |b Khoa học Kỹ thuật, |c 2002 |
| 300 | # | # | |a 433 tr. ; |c 27 cm |
| 504 | # | # | |a Tài liệu tham khảo :tr.433 |
| 653 | # | # | |a Kỹ thuật điện tử |
| 653 | # | # | |a Mạch điện tử |
| 923 | # | # | |a 21/2004 |
| 992 | # | # | |a 50.000 |
| 994 | # | # | |a DLU |
| 900 | # | # | |a True |
| 911 | # | # | |a Đào Thị Thu Huyền |
| 925 | # | # | |a G |
| 926 | # | # | |a A |
| 927 | # | # | |a SH |
| 980 | # | # | |a Thư viện Trường Đại học Đà Lạt |